• 首页
  • 本馆介绍
  • 公告通知
  • 最新文献
  • 馆藏检索
  • 电子资源
  • 读者导购
  • 参考咨询
  • 我的图书馆
  • 登录
  • 详细信息显示
  • 放入我的书架
  • 预约/预借图书
  • 作者相关作品
  • 分类相关作品
  • 丛书相关作品
  • 出版社相关作品

书目信息

  • 表格格式
  • 工作单格式
  • 卡片格式
题名:
领导人才的科学管理
    
 
作者: 王元瑞 著
分册:  
出版信息: 北京   北京科学技术出版社  1987.02
页数: 274页
开本: 19cm
丛书名:
单 册:
中图分类: C96
科图分类:
主题词: 人才学
电子资源:
ISBN:
000 00525nam0 2200193 45
001 0404301048
005 20060314083450.40
010    @dCNY1.70
091    @a17274.058
100    @a20040430d1987 km y0chiy0120 ea
101 0  @achi
200 1  @a领导人才的科学管理@ALing Dao Ren Cai De Ke Xue Guan Li@f王元瑞著@FWangYuan Rui Zhu
210    @a北京@c北京科学技术出版社@d1987.02
215    @a274页@d19cm
606 0  @a人才学
690    @aC96@v3
701  0 @a王元瑞@4著
801    @aCN@bPftUser@c20060314
905    @dC96@e12@f1@b206481
    
    领导人才的科学管理/王元瑞著.-北京:北京科学技术出版社,1987.02
    274页;19cm
    
    
    ISBN :CNY1.70
    
●
相关链接 在E读中查询图书 在五车中查询图书 在当当中查询图书 在豆瓣中查询图书


正题名:领导人才的科学管理     索取号:C96/12         预约/预借

序号 登录号 条形码 馆藏地/架位号 状态 备注
1 0206477   000958020   密集书库/ [索取号:C96/12] 在馆    
2 0206478   000958057   密集书库/ [索取号:C96/12] 在馆    
3 0206479   202205210   密集书库/ [索取号:C96/12] 在馆    
4 0206480   001023065   密集书库/ [索取号:C96/12] 在馆    
5 0206481   001023074   第一样本阅览室/ [索取号:C96/12] 在馆    
唐山师范学院图书馆 欢迎您!
大连网信软件有限公司© 版权所有